| 000 | 00985nac a22003137a 4500 | ||
|---|---|---|---|
| 001 | BR7200612 | ||
| 003 | BR-BrBNA | ||
| 005 | 20240105113442.0 | ||
| 008 | 230509b bl.|||m| |||| 00| 0 por d | ||
| 040 |
_aBR-BrBNA _bpor _cBiblioteca Nacional de Agricultura |
||
| 072 | _aF10 | ||
| 090 | _aF10 BR7200612 | ||
| 100 | 1 | _aNova, N.A.V.N. | |
| 100 | 1 | _aPedro Junior, M.J. | |
| 100 | 1 | _aPereira, A.R. | |
| 100 | 1 | _aOmetto, J.C. | |
| 110 | 1 |
_aUniversidade de Sao Paulo, Sao Paulo (Brasil). Inst. de Geografia _910547 |
|
| 245 | 1 | _aEstimativa de graus-dia acumulados acima de qualquer temperatura base, em funcao das temperaturas maxima e minima | |
| 260 | 3 |
_aSao Paulo, SP (Brasil): _c1972. |
|
| 300 | _a8 p. | ||
| 490 |
_aCaderno de Ciencias da Terra (Brazil) _vno. 30 _x |
||
| 500 | _a7 ref. | ||
| 650 | _aHIGROMETRIA | ||
| 650 | _aTEMPERATURA | ||
| 650 | _aCLIMA | ||
| 650 | _aMETEOROLOGIA | ||
| 909 |
_a202312 _bLúcia Elande _c55 _dLúcia Elande |
||
| 942 |
_2AGRIS _n0 _cMS |
||
| 999 |
_c263799 _d263799 |
||